| 000 | 00000nam##2200000za#4500 |
| 001 | 9.698175 |
| 003 | CaOODSP |
| 005 | 20210624235818 |
| 007 | cr ||||||||||| |
| 008 | 150407|1999||||xxc|||||o f|0| 0 eng|d |
| 040 | |aCaOODSP|beng |
| 043 | |an-cn--- |
| 086 | 1 |aRH64-107/1999E-PDF |
| 110 | 1 |aCanada.|bHuman Resources Development Canada. |bStrategic Policy. |
| 245 | 10|aLessons learned - building communities - effective practices in Aboriginal communities : |h[electronic resource]|btechnical appendices / |c[published by] Evaluation and Data Development. [Prepared] by Martin Spigelman Research Associates, Victoria, British Columbia. |
| 260 | |aOttawa - Ontario : |bHuman Resources Development Canada. |cMarch 1999. |
| 300 | |a66p.|btables |
| 504 | |aBibliography. |
| 590 | |a13-16-Supp|b2013-07-12 |
| 690 | 07|aIndigenous peoples|2gcpds |
| 690 | 07|aCommunity development|2gcpds |
| 775 | 08|tÉtude bilan - bâtir des collectivités - pratiques efficaces dans les collectivités autochtones : |w(CaOODSP)9.642168 |
| 856 | 40|ahttp://publications.gc.ca|qPDF|s622 KB|uhttps://publications.gc.ca/collections/collection_2013/rhdcc-hrsdc/RH64-107-1999-eng.pdf |
| 986 | |aSP-AH115T-03-99E |